• 首页
  • 本馆介绍
  • 公告通知
  • 最新文献
  • 馆藏检索
  • 电子资源
  • 读者导购
  • 参考咨询
  • 我的图书馆
  • 登录
  • 详细信息显示
  • 放入我的书架
  • 预约/预借图书
  • 作者相关作品
  • 分类相关作品
  • 丛书相关作品
  • 出版社相关作品

书目信息

  • 表格格式
  • 工作单格式
  • 卡片格式
题名:
学习《论持久战》
    
 
作者: ;中国人民解放军军事科学院学习组 编
分册:  
出版信息: 北京   人民出版社  1977
页数: 82页
开本: 19cm
丛书名:
单 册:
中图分类: A841.24
科图分类:
主题词: 《论持久战》-毛泽东著作研究 , 持久战-毛泽东著作研究 , 毛泽东著作研究-《论持久战》 , 毛泽东著作研究-持久战
电子资源:
ISBN:
000 00904nam0 2200277 45
001 0177003697
005 20060817164218.84
010    @dCNY0.29
100    @a19951214d1977 em y0chiy0121 ea
101 0  @achi
102    @aCN@b110000
105    @ay z 000yy
200 10 @a学习《论持久战》@Axue xi 《 lun chi jiu zhan 》@f中国人民解放军军事科学院学习组编
210    @a北京@c人民出版社@d1977
215    @a82页@d19cm
517 1  @a学习论持久战@Axue xi lun chi jiu zhan
605    @a《论持久战》@x毛泽东著作研究
606    @a《论持久战》-毛泽东著作研究
606    @a持久战-毛泽东著作研究
606    @a毛泽东著作研究-《论持久战》
606    @a毛泽东著作研究-持久战
690    @aA841.24@v3
711 02 @a中国人民解放军军事科学院学习组@Azhong guo ren min jie fang jun jun shi ke xue yuan xue xi zu@4编
801  2 @aCN@bNLC@c20060817
801  0 @aCN@bTSSF@c20060721
905    @a10447@dA841.24@e58
    
    学习《论持久战》/中国人民解放军军事科学院学习组编.-北京:人民出版社,1977
    82页;19cm
    
    
    ISBN :CNY0.29
    
●
相关链接 在E读中查询图书 在五车中查询图书 在当当中查询图书 在豆瓣中查询图书


正题名:学习《论持久战》     索取号:A841.24/58         预约/预借

序号 登录号 条形码 馆藏地/架位号 状态 备注
1 0424421   204244219   密集书库/ [索取号:A841.24/58] 在馆    
2 0425151   204251512   密集书库/ [索取号:A841.24/58] 在馆    
3 0425152   204251521   密集书库/ [索取号:A841.24/58] 在馆    
4 0425369   204253690   密集书库/ [索取号:A841.24/58] 在馆    
5 0425371   204253716   密集书库/ [索取号:A841.24/58] 在馆    
6 0425372   204253725   密集书库/ [索取号:A841.24/58] 在馆    
7 0425373   204253734   密集书库/ [索取号:A841.24/58] 在馆    
8 0425374   204253743   密集书库/ [索取号:A841.24/58] 在馆    
9 0465463   204654631   密集书库/ [索取号:A841.24/58] 在馆    
唐山师范学院图书馆 欢迎您!
大连网信软件有限公司© 版权所有